Understanding causes and extent of crimes against Dalit and Muslim women in Varanasi district, Uttar Pradesh / (Record no. 27377)

MARC details
000 -LEADER
fixed length control field 00679nam a2200181Ia 4500
008 - FIXED-LENGTH DATA ELEMENTS--GENERAL INFORMATION
fixed length control field 220217s9999||||xx |||||||||||||| ||eng||
082 ## - DEWEY DECIMAL CLASSIFICATION NUMBER
Classification number RK.0309
100 ## - MAIN ENTRY--PERSONAL NAME
Personal name Khan, Muniza R.
Affiliation A.N.Sinha Institute of Social Studies
-- Patna, Bihar
245 #0 - TITLE STATEMENT
Title Understanding causes and extent of crimes against Dalit and Muslim women in Varanasi district, Uttar Pradesh /
Statement of responsibility, etc. Muniza R. Khan
260 ## - PUBLICATION, DISTRIBUTION, ETC.
Place of publication, distribution, etc. New Delhi :
Name of publisher, distributor, etc. Indian Council of Social Science Research,
Date of publication, distribution, etc. 2016
300 ## - PHYSICAL DESCRIPTION
Extent 130p.
536 ## - FUNDING INFORMATION NOTE
Text of note Indian Council of Social Science Research
546 ## - LANGUAGE NOTE
Language note English
650 ## - SUBJECT ADDED ENTRY--TOPICAL TERM
Topical term or geographic name entry element Muslim women
650 ## - SUBJECT ADDED ENTRY--TOPICAL TERM
Topical term or geographic name entry element Dalit women
650 ## - SUBJECT ADDED ENTRY--TOPICAL TERM
Topical term or geographic name entry element Women
General subdivision Crimes against
Geographic subdivision IndiaUttar Pradesh
942 ## - ADDED ENTRY ELEMENTS (KOHA)
Koha item type Research Reports
Holdings
Withdrawn status Lost status Source of classification or shelving scheme Damaged status Not for loan Collection code Home library Current library Date acquired Source of acquisition Total Checkouts Full call number Barcode Date last seen Price effective from Koha item type
    Dewey Decimal Classification   Not For Loan Major Research Project Reports NASSDOC Library NASSDOC Library 24/01/2022 Gifted by: RP Division ICSSR   RK.0309 52030 17/02/2022 17/02/2022 Research Reports